000 00730cab a2200205 4500
001 WB2625-03
008 090401t1990 xxu||||| |||| 00| 0 eng d
035 _a(Sirsi) u68959
041 _aeng
245 _aFootball clubs win extra time
260 _c1990
350 _a0
490 _aBuilding
_vvol 255 no 7653 21/6/90 p9
520 _aFootball clubs failed to meet the June deadline for setting up an advisory design council or Football Licensing Trust to administer the upgrading of football stadia . Plans for enforcing the upgrading of facilities are likely to be postponed for a further year.
650 _aSAFETY
650 _aSPORTS GROUNDS
690 _aBUILT ENVIRONMENT
942 _n0
948 _c04/03/1997
999 _c43301
_d43301